| 000 | 00875cam a2200277 4500 | ||
|---|---|---|---|
| 008 | 090401t1991 xxu||||| |||| 00| 0 eng d | ||
| 020 | _a0750610751 | ||
| 035 | _a(Sirsi) u65896 | ||
| 041 | _aeng | ||
| 050 | _a658.99 | ||
| 245 | _aCompetitive advantage in construction. | ||
| 260 |
_aOxford _bButterworth-Heinemann Ltd. _c1991 |
||
| 300 | _axvi,479p. ; 24cm. | ||
| 350 | _a60 | ||
| 520 | _aChapters by various authors on strategic management in construction, organization and the construction company and international business strategy. | ||
| 650 | _aASIA PACIFIC RIM | ||
| 650 | _aBUILDING INDUSTRY | ||
| 650 | _aEUROPEAN COMMUNITY | ||
| 650 | _aJAPAN | ||
| 650 | _aSTRATEGIC MANAGEMENT | ||
| 650 | _aUNITED STATES OF AMERICA | ||
| 690 | _aBUILT ENVIRONMENT | ||
| 700 |
_aMale, Steven & Stocks, Robert, _xEditor |
||
| 942 | _n0 | ||
| 948 | _c04/03/1997 | ||
| 999 |
_c94798 _d94798 |
||